00821nam a22002417a 45000010005000000030006000050050017000110080041000280200017000690400029000860500008001151000024001232450091001472600040002383000049002785050008003275210029003355210020003647000030003849420015004149990015004299520135004448427FISKH20250911123811.0250911b cb ||||| |||| 00| 0 eng d a086002023254 aFISKHbengcFISKHdFISKH aPZ7 aMcEvoy, Denise Heyl aThe princess and the pea / cRetold by Denise Heyl McEvoy : Illustrated by Red Hansen  aIllinois :bEducational Insights ,  a24 pages : bcolor illustrations ;c19 cm .  aJ 8 a500 bLexile estimate 8 aJ bRaz-Plus  aHansen, RedeIllustrator  2ddccBKn0 c8427d8427 00102ddc40708JUVFa002b002cTTP Dark Blued2025-09-11l1oMCE PZ7p2025-4406r2026-04-24 13:03:28s2026-04-10w2025-09-11yBK